| 000 | 01213cam a22002653a 4500 | ||
|---|---|---|---|
| 001 | 13409 | ||
| 003 | PGUSA | ||
| 005 | 20140828083304.0 | ||
| 008 | 040909s2004||||xxu|||||s|||||000 1 eng d | ||
| 040 |
_aPGUSA _beng |
||
| 042 | _adc | ||
| 050 | 4 | _aPG | |
| 100 | 1 |
_aChekhov, Anton Pavlovich, _d1860-1904 |
|
| 245 | 1 | 4 |
_aThe Horse-Stealers and other stories _h[electronic resource] / _cAnton Pavlovich Chekhov |
| 260 |
_bProject Gutenberg, _c2004 |
||
| 505 | 0 | _aThe horse-stealers -- Ward no. 6 -- The Petchenyeg -- A dead body -- A happy ending -- The looking-glass -- Old age -- Darkness -- The Beggar -- A story without a title -- In trouble -- Frost -- A slander -- Minds in ferment -- Gone astray -- An avenger -- The jeune premier -- A defenceless creature -- An enigmatic nature -- A happy man -- A troublesome visitor -- An actor's end. | |
| 506 | _aPublic domain in the USA. | ||
| 516 | _aElectronic text | ||
| 653 | _aRussia -- Social life and customs -- Fiction | ||
| 653 | _aChekhov, Anton Pavlovich, 1860-1904 -- Translations into English | ||
| 700 | 1 |
_aGarnett, Constance, _d1861-1946 |
|
| 830 | 0 |
_aProject Gutenberg _v13409 |
|
| 856 | 4 | 0 | _uhttp://www.gutenberg.org/ebooks/13409 |
| 942 | _cEB | ||
| 999 |
_c242664 _d242664 |
||